| 000 | 00834nam a22002177a 4500 | ||
|---|---|---|---|
| 001 | 160 | ||
| 005 | 20251119110518.0 | ||
| 006 | a|||||r|||| 00| 0 | ||
| 007 | c| aa aaaaa | ||
| 008 | 250107b2022 |||||||| |||| 00| 0 eng d | ||
| 024 | _a10.1007/978-3-031-12994-0_12 | ||
| 040 | _aAR-EsCIE | ||
| 100 | 1 |
_aSalgado Salomón, María Eugenia, _d1981- _9255 |
|
| 245 | 1 | 0 |
_aNative and exotic woodland from Patagonian Andes: anthropic impacts and Mycorrhizas / _cMaría Eugenia Salgado Salomón, Carolina Barroetaveña. |
| 300 | _app 237–254 | ||
| 700 | 1 |
_aBarroetaveña, Carolina, _d1971- _921 |
|
| 773 | _tMycorrhizal Fungi in South America : Biodiversity, conservation, and sustainable food production | ||
| 856 |
_uhttps://link.springer.com/chapter/10.1007/978-3-031-12994-0_12 _zAbstract |
||
| 910 | _aPG20250107 | ||
| 942 |
_2ddc _cCF _n0 |
||
| 999 |
_c160 _d160 |
||